000 00940nam a2200301 i 4500
001 19346
003 ES-MaACL
005 20240128062947.0
007 t|
008 020723s2001 sp ||||0| spa j
020 _a84-7844-574-9
040 _aM-BN
_bspa
_cM-BN
080 _a159.954.4
100 1 _aSteiner, George,
_d1929-2020
_9108052
245 1 0 _aGramáticas de la creación /
_cGeorge Steiner ; traducción de Andoni Alonso y Carmen Galán Rodríguez.
250 _a2ª ed.
260 _aMadrid :
_bSiruela,
_c[2001]
300 _a352 p ;
_c21 cm.
490 1 _aBiblioteca de ensayo. Serie mayor ;
_v18
500 _aIndice.
650 1 4 _aCreatividad.
_911407
700 1 _aAlonso, Andoni.
_920183
700 1 _aGalán Rodríguez, Carmen.
_953309
830 0 _aBiblioteca de ensayo. Serie mayor ;
_v18
_9180582
852 _aES-MaACL
_jL-25785
_bR.131277
999 _c19346
_d19346